| Tag |
First Indicator |
Second Indicator |
Subfields |
| LEADER |
00000cam a2200000Ii 4500 |
| 001 |
in00004002012 |
| 006 |
m o d |
| 007 |
cr cnu---unuuu |
| 008 |
190615s2019 sz ob 001 0 eng d |
| 005 |
20250816210259.9 |
| 020 |
|
|
|a 9783030184308
|q electronic book
|
| 020 |
|
|
|a 3030184307
|q electronic book
|
| 020 |
|
|
|z 9783030184292
|
| 024 |
8 |
|
|a 99981432537
|
| 035 |
|
|
|a (NhCcYBP)ebc5788442
|
| 040 |
|
|
|a NhCcYBP
|c NhCcYBP
|d UtOrBLW
|
| 043 |
|
|
|a e-uk---
|
| 050 |
|
4 |
|a HV6250.4.W65
|b A47 2019
|
| 082 |
0 |
4 |
|a 363.32
|2 23
|
| 100 |
1 |
|
|a Aplin, Rachael,
|e author.
|
| 245 |
1 |
0 |
|a Policing UK honour-based abuse crime /
|c Rachael Aplin.
|
| 246 |
3 |
|
|a Policing UK honor-based abuse crime
|
| 264 |
|
1 |
|a Cham, Switzerland :
|b Palgrave Macmillan,
|c [2019]
|
| 300 |
|
|
|a 1 online resource.
|
| 336 |
|
|
|a text
|b txt
|2 rdacontent
|
| 337 |
|
|
|a computer
|b c
|2 rdamedia
|
| 338 |
|
|
|a online resource
|b cr
|2 rdacarrier
|
| 504 |
|
|
|a Includes bibliographical references and index.
|
| 588 |
|
|
|a Description based on online resource; title from digital title page (viewed on July 16, 2019).
|
| 500 |
|
|
|a Electronic resource.
|
| 650 |
|
0 |
|a Women
|x Crimes against
|z Great Britain
|x Prevention.
|
| 655 |
|
7 |
|a Electronic books.
|2 local
|
| 710 |
2 |
|
|a ProQuest (Firm)
|0 http://id.loc.gov/authorities/names/n2007068018
|
| 776 |
1 |
8 |
|i Print version:
|a Aplin, Rachael
|t Policing UK Honour-Based Abuse Crime
|d Cham : Palgrave Macmillan US,c2019
|z 9783030184292
|
| 856 |
4 |
0 |
|u https://ebookcentral.proquest.com/lib/tamucs/detail.action?docID=5788442
|z Connect to the full text of this electronic book
|t 0
|
| 955 |
|
|
|a YBP purchased approval e-records
|
| 980 |
|
|
|b 198.00
|g 1
|
| 987 |
|
|
|a ybp16290301
|
| 999 |
f |
f |
|s a6c31fa1-4f4d-3d49-868e-7db34cfa0227
|i 048c8954-959b-3be3-84c1-f37750657ccc
|t 0
|
| 952 |
f |
f |
|a Texas A&M University
|b College Station
|c Electronic Resources
|d Available Online
|t 0
|e HV6250.4.W65 A47 2019
|h Library of Congress classification
|
| 998 |
f |
f |
|a HV6250.4.W65 A47 2019
|t 0
|l Available Online
|